000 00749nam a22001817a 4500
003 NUST
040 _a0
082 _a621.382,HUS
100 _aHussain, Fahad
_9118371
245 _aAI-Based Digital WSI Scanner for Cancer Detection (CANCERSCOPEX) /
_cFahad Hussain, Hassaan Sami, Saad Gondal and Muneeb Ur Rehman. (TCC-31 / BETE-56)
264 _aRawalpindi
_bMCS (NUST)
_c2023
300 _a69 p.;
505 _aIntroduction (Page-12), Literature Review (Page-26), Interfacing and Detection (Page-33), Code Analysis and Evaluation (Page-47), Conclusion (Page-60), Future Work (Page-61).
650 _a UG EE Project
_9118090
690 _aTCC-31 / BETE-56
_9118237
700 _aSupervised by Dr. Alina Mirza
_9131736
942 _2ddc
_cPR
999 _c603332
_d603332